Les carrefours du labyrinthe / (Record no. 129224)
[ view plain ]
| 000 -LEADER | |
|---|---|
| fixed length control field | 01560cam a2200409 a 4500 |
| 001 - CONTROL NUMBER | |
| control field | 4307429 |
| 003 - CONTROL NUMBER IDENTIFIER | |
| control field | ARRUPE |
| 005 - DATE AND TIME OF LATEST TRANSACTION | |
| control field | 20190315094823.0 |
| 008 - FIXED-LENGTH DATA ELEMENTS--GENERAL INFORMATION | |
| fixed length control field | 861010m19789999fr 000 0 fre |
| 010 ## - LIBRARY OF CONGRESS CONTROL NUMBER | |
| LC control number | 86213823 |
| 020 ## - INTERNATIONAL STANDARD BOOK NUMBER | |
| International Standard Book Number | 2020047667 (v. 1) |
| 040 ## - CATALOGING SOURCE | |
| Original cataloging agency | DLC |
| Language of cataloging | eng |
| Transcribing agency | DLC |
| Modifying agency | OCoLC |
| -- | DLC |
| 050 00 - LIBRARY OF CONGRESS CALL NUMBER | |
| Classification number | B22 |
| Item number | .C28 1978 |
| 051 ## - LIBRARY OF CONGRESS COPY, ISSUE, OFFPRINT STATEMENT | |
| Classification number | B22 |
| Item number | .C28 1978 Copy 2 |
| Copy information | v. 1 only. Gift of Paul Avrich, Aug. 26, 1986. |
| 300 ## - PHYSICAL DESCRIPTION | |
| Dimensions | 21 cm. |
| 100 1# - MAIN ENTRY--PERSONAL NAME | |
| Personal name | Castoriadis, Cornelius, |
| Dates associated with a name | 1922-1997. |
| 9 (RLIN) | 45259 |
| 245 14 - TITLE STATEMENT | |
| Title | Les carrefours du labyrinthe / |
| Statement of responsibility, etc | Cornelius Castoriadis. |
| 260 ## - PUBLICATION, DISTRIBUTION, ETC. (IMPRINT) | |
| Place of publication, distribution, etc | Paris : |
| Name of publisher, distributor, etc | Seuil, |
| Date of publication, distribution, etc | c1978-<c1999 > |
| 300 ## - PHYSICAL DESCRIPTION | |
| Extent | 315p. ; |
| 504 ## - BIBLIOGRAPHY, ETC. NOTE | |
| Bibliography, etc | Includes bibliographical references. |
| 505 1# - FORMATTED CONTENTS NOTE | |
| Formatted contents note | [1. without special title] -- 2. Domaines de l'homme -- 3. Le monde morcelé -- 4. La montée de l'insignifiance -- 5. Les carrefours du labyrinthe -- 6. Figures du pensable. |
| 650 #0 - SUBJECT ADDED ENTRY--TOPICAL TERM | |
| Topical term or geographic name as entry element | Philosophy. |
| 9 (RLIN) | 45260 |
| 650 #0 - SUBJECT ADDED ENTRY--TOPICAL TERM | |
| Topical term or geographic name as entry element | Social sciences. |
| 9 (RLIN) | 45261 |
| 650 #0 - SUBJECT ADDED ENTRY--TOPICAL TERM | |
| Topical term or geographic name as entry element | Psychoanalysis. |
| 9 (RLIN) | 45262 |
| 710 2# - ADDED ENTRY--CORPORATE NAME | |
| Corporate name or jurisdiction name as entry element | Paul Avrich Collection (Library of Congress) |
| Institution to which field applies | DLC |
| 9 (RLIN) | 6852 |
| 830 #0 - SERIES ADDED ENTRY--UNIFORM TITLE | |
| Uniform title | Collection Esprit. |
| 9 (RLIN) | 45263 |
| 830 #0 - SERIES ADDED ENTRY--UNIFORM TITLE | |
| Uniform title | Couleur des idées. |
| 9 (RLIN) | 45264 |
| 906 ## - LOCAL DATA ELEMENT F, LDF (RLIN) | |
| a | 7 |
| b | cbc |
| c | orignew |
| d | 2 |
| e | ncip |
| f | 19 |
| g | y-gencatlg |
| 942 ## - ADDED ENTRY ELEMENTS (KOHA) | |
| Source of classification or shelving scheme | Library of Congress Classification |
| Koha item type | Monograph ( Printed materials) |
| Withdrawn status | Lost status | Source of classification or shelving scheme | Damaged status | Not for loan | Collection code | Home library | Current library | Shelving location | Date acquired | Total Checkouts | Full call number | Barcode | Date last seen | Price effective from | Koha item type |
|---|---|---|---|---|---|---|---|---|---|---|---|---|---|---|---|
| Library of Congress Classification | Main Collection | ARRUPE LIBRARY | ARRUPE LIBRARY | Main Collection | 15/03/2019 | B22 .C28 1978 | 46600004237 | 15/03/2019 | 15/03/2019 | Monograph ( Printed materials) |